00613nam a2200229 a 4500001001300000003000900013005001700022008004100039020001000080082002000090100001700110245001800127260002300145300000800168500003500176650002200211700001700233902000800250942000700258952010100265999001700366nice12345678IN_TiNIC20260116014237.0070312s2000 dela grd 000 0 eng  ac10000a324.245408bMIR aMirza, Saeed aUnheard Voice aDelhibAnhadc2000 a00p aincludes index and biblioraphy aCommunalism-India1 aMirza, Saeed bSRS cND 00104070aHMIbHMId2008-06-23g100.00l0o324.245408 MIRp021411r2008-06-23w2026-01-16yVM c14485d14485